Identity, migration and the new security agenda in Europe

Αποθηκεύτηκε σε:
Λεπτομέρειες βιβλιογραφικής εγγραφής
Κύριος συγγραφέας: Waever, Ole 1960-
Άλλοι συγγραφείς: Buzan, Barry, Kelstrup, Morten
Μορφή: Βιβλίο
Γλώσσα:English
Δημοσίευση: London : Pinter, 1993
Θέματα:
Ετικέτες: Προσθήκη ετικέτας
Δεν υπάρχουν, Καταχωρήστε ετικέτα πρώτοι!

MARC

LEADER 00000nam a2200000 i 4500
001 1/102467
008 950504s1993 eng d
020 |a 1855671409 
035 |l 10012515 
040 |a GR-MY-UA  |b gre  |e aacr 
041 0 |a eng 
082 0 |a 327.116 
100 1 |a Waever, Ole  |d 1960- 
245 1 0 |a Identity, migration and the new security agenda in Europe /  |c Ole Waever; Barry Buzan; Morten Kelstrup 
260 |a London :   |b Pinter,   |c 1993 
300 |a 221 p. 
650 0 0 |a Social stability  |z Europe. 
650 0 0 |a Ethnicity  |z Europe. 
650 0 0 |a Migration, Internal  |z Europe. 
650 0 0 |a National security  |z Europe. 
651 0 |a Europe  |x Social conditions  |y 20th century. 
700 1 |a Buzan, Barry. 
700 1 |a Kelstrup, Morten. 
852 |a INST  |b LESVOS  |e 19950504  |h 327.116 IDE  |p 005100001293  |q 005100001293  |t BK  |y 0 
909 |a Λ  |b 040638 
922 |a 1ΔΩΡ  |b 199505  |c ΤΚΑ